00362nam a22001457a 4500003000400000008004100004020001800045082001200063100004200075245001500117250001300132260004500145300001100190650001500201OSt250711b |||||||| |||| 00| 0 eng d a9789332558540 a150 BAP aBARON, Robert A. and MISRA, Girishwar aPsychology a5th. ed, aNoida, bPearson Education India,c2025, a646 p. aPsychology